Fifa 21 Player Overall 85+ - Statistiken

Allgemein
  • Dieses Quiz wurde 86 mal gespielt
  • Das Durchschnittsergebnis liegt bei 70 aus 90
Antwortstatistiken
Overall Verein Position Nationalität Alter Antwort % Korrekt
93 Paris Saint-Germain RW Argentinien 33 Lionel Messi
99%
92 Juventus Turin ST Portugal 35 Cristiano Ronaldo
94%
90 Paris Saint-Germain ST Frankreich 21 Kylian Mbappe
94%
91 Atletico Madrid GK Slowenien 27 Jan Oblak
93%
91 Manchester City CM Belgien 29 Kevin de Bruyne
93%
90 FC Liverpool RW Ägypten 28 Mohamed Salah
93%
91 Paris Saint-Germain LW Brasilien 28 Neymar
93%
90 FC Liverpool CB Niederlande 28 Virgil van Dijk
93%
89 FC Liverpool GK Brasilien 27 Alisson
92%
89 Tottenham Hotspur ST England 26 Harry Kane
92%
89 Tottenham Hotspur LM Südkorea 27 Heung Min Son
92%
89 FC Bayern München CDM Deutschland 25 Joshua Kimmich
92%
89 Real Madrid CF Frankreich 32 Karim Benzema
92%
90 FC Bayern München GK Deutschland 34 Manuel Neuer
92%
90 FC Barcelona GK Deutschland 28 Marc-Andre ter Stegen
92%
88 FC Liverpool LW Senegal 28 Sadio Mane
92%
88 Manchester United CAM Portugal 25 Bruno Fernandes
90%
88 Manchester City GK Brasilien 26 Ederson
90%
87 Borussia Dortmund ST Norwegen 19 Erling Haaland
90%
89 Real Madrid GK Belgien 28 Thibaut Courtois
90%
88 Real Madrid CM Deutschland 30 Toni Kroos
90%
89 Paris Saint-Germain GK Costa Rica 33 Keylor Navas
89%
87 Real Madrid CM Kroatien 34 Luka Modric
89%
87 Borussia Dortmund CB Deutschland 31 Mats Hummels
89%
88 FC Chelsea CDM Frankreich 29 N'Golo Kante
89%
89 Real Madrid CB Spanien 34 Sergio Ramos
89%
87 FC Liverpool LB Schottland 26 Andrew Robertson
88%
87 Borussia Dortmund RM England 20 Jadon Sancho
88%
89 Real Madrid CDM Brasilien 28 Casemiro
86%
87 Leicester City ST England 33 Jamie Vardy
86%
87 FC Bayern München CM Deutschland 25 Leon Goretzka
86%
87 Juventus Turin CF Argentinien 26 Paulo Dybala
86%
87 FC Bayern München CAM Deutschland 30 Thomas Müller
86%
86 Manchester City CAM Portugal 25 Bernardo Silva
85%
86 Real Sociedad CAM Spanien 34 David Silva
85%
86 FC Bayern München RM Deutschland 24 Serge Gnabry
85%
86 FC Liverpool RB England 21 Trent Alexander-Arnold
85%
87 Tottenham Hotspur GK Frankreich 33 Hugo Lloris
83%
86 Inter Mailand ST Belgien 27 Romelu Lukaku
83%
87 Manchester City ST Argentinien 32 Sergio Agüero
83%
87 Paris Saint-Germain RW Argentinien 32 Angel di Maria
82%
87 Lazio Rom ST Italien 30 Ciro Immobile
82%
86 Manchester City CDM Spanien 24 Rodri
82%
85 FC Chelsea CB Brasilien 35 Thiago Silva
82%
86 FC Bayern München LM Frankreich 24 Kingsley Coman
81%
85 FC Bayern München RM Deutschland 24 Leroy Sane
81%
87 Atletico Madrid ST Uruguay 33 Luis Suarez
81%
87 Paris Saint-Germain CB Brasilien 26 Marquinhos
81%
86 Manchester United GK Spanien 29 David de Gea
79%
86 FC Barcelona CM Niederlande 23 Frenkie de Jong
79%
88 SSC Neapel CB Senegal 29 Kalidou Koulibaly
79%
86 FC Barcelona ST Frankreich 29 Antoine Griezmann
78%
86 Real Madrid RB Spanien 28 Dani Carvajal
78%
86 AC Milan GK Italien 21 Gianluigi Donnarumma
78%
86 Manchester United CM Frankreich 27 Paul Pogba
78%
87 Inter Mailand GK Slowenien 35 Samir Handanovic
78%
86 FC Barcelona CDM Spanien 31 Sergio Busquets
78%
86 Real Madrid LW Belgien 29 Eden Hazard
76%
86 FC Barcelona CB Spanien 33 Gerard Pique
76%
86 Paris Saint-Germain CM Italien 27 Marco Verratti
76%
87 Manchester City LW England 25 Raheem Sterling
76%
92 FC Bayern München ST Polen 31 Robert Lewandowski
75%
85 FC Liverpool CF Brasilien 28 Roberto Firmino
75%
86 FC Barcelona LB Spanien 31 Jordi Alba
74%
85 Real Madrid CB Frankreich 27 Raphael Varane
72%
85 Juventus Turin CB Niederlande 20 Matthijs de Ligt
71%
86 FC Liverpool CDM England 30 Jordan Henderson
69%
86 Juventus Turin CB Italien 35 Giorgio Chiellini
68%
86 Manchester City CB Spanien 26 Aymeric Laporte
67%
85 Manchester City RW Algerien 29 Riyad Mahrez
67%
85 Manchester City CB Portugal 23 Ruben Dias
67%
87 FC Liverpool CDM Brasilien 26 Fabinho
65%
85 Manchester City RB Portugal 26 Joao Cancelo
64%
85 Manchester United LM England 22 Marcus Rashford
64%
87 Juventus Turin GK Polen 30 Wojciech Szczesny
64%
85 Leicester City GK Dänemark 33 Kasper Schmeichel
61%
85 VfL Wolfsburg GK Belgien 28 Koen Casteels
61%
85 FC Liverpool CM Spanien 29 Thiago
61%
86 Inter Mailand CB Slowakei 25 Milan Skriniar
60%
85 FC Arsenal ST Gabun 31 Pierre-Emerick Aubameyang
60%
85 RB Leipzig GK Ungarn 30 Petr Gulacsi
58%
85 SSC Neapel CF Belgien 33 Dries Mertens
57%
85 Lazio Rom CM Serbien 25 Sergej Milinkovic-Savic
57%
85 Atletico Madrid CM Spanien 28 Koke
56%
85 SSC Neapel LW Italien 29 Lorenzo Insigne
53%
85 Inter Mailand CB Niederlande 28 Stefan de Vrij
50%
85 FC Villareal CM Spanien 31 Daniel Parejo
47%
86 FC Sevilla CAM Argentinien 32 Alejandro Gomez
40%
85 Leicester City RB Portugal 26 Ricardo Pereira
39%
85 Lazio Rom CAM Spanien 27 Luis Alberto
36%
Keine übereinstimmenden Quizze gefunden
Verteilung der Resultate
Anzahl Personen mit jedem Resultat
Perzentil nach korrekt beantworteten Fragen
Ihre Resultats-Entwicklung
Sie haben dieses Quiz noch nicht gespielt